[Event "Gora Sw Anny 15th"]
[Site "Gora Sw Anny"]
[Date "2026.02.05"]
[Round "5"]
[White "Golubka, Petro"]
[Black "Chubar, Vladimir"]
[Result "1/2-1/2"]
[WhiteElo "2374"]
[BlackElo "1888"]
[WhiteFideId "-1"]
[BlackFideId "-1"]
[PlyCount "39"]
[GameId "2275754133276132"]
[EventDate "2026.02.02"]
[EventType "tourn"]
[EventRounds "9"]
[EventCountry "POL"]
[SourceTitle "Mega2026 Update 15"]
[Source "Chessbase"]
[SourceDate "2026.02.13"]
[SourceVersion "1"]
[SourceVersionDate "2026.02.13"]
[SourceQuality "1"]

1. e4 e6 2. d4 d5 3. e5 Ne7 4. Nf3 Qd7 5. h4 b6 6. h5 h6 7. c3 Ba6 8. Bxa6 Nxa6 9. Qe2 Nb8 10. O-O c5 11. Be3 Nec6 12. Nbd2 Be7 13. g3 Qb7 14. Nh2 Nd7 15. f4 O-O-O 16. Qg4 Rdg8 17. f5 Nd8 18. fxe6 fxe6 19. Nhf3 g6 20. hxg6 1/2-1/2

[Event "Gora Sw Anny 15th"]
[Site "Gora Sw Anny"]
[Date "2026.02.05"]
[Round "6"]
[White "Golubka, Petro"]
[Black "Lizak, Jakub"]
[Result "1/2-1/2"]
[WhiteElo "2374"]
[BlackElo "2202"]
[WhiteFideId "-1"]
[BlackFideId "-1"]
[PlyCount "41"]
[GameId "2275754133280237"]
[EventDate "2026.02.02"]
[EventType "tourn"]
[EventRounds "9"]
[EventCountry "POL"]
[SourceTitle "Mega2026 Update 15"]
[Source "Chessbase"]
[SourceDate "2026.02.13"]
[SourceVersion "1"]
[SourceVersionDate "2026.02.13"]
[SourceQuality "1"]

1. e4 d5 2. exd5 Qxd5 3. Nc3 Qd6 4. Nb5 Qd7 5. d4 a6 6. Nc3 Nf6 7. Nf3 Nc6 8. Bf4 e6 9. Bd3 b5 10. a4 b4 11. Ne4 Bb7 12. c3 Bd6 13. Bxd6 cxd6 14. c4 Nxe4 15. Bxe4 Na5 16. Bxb7 Qxb7 17. Qd3 Rc8 18. b3 O-O 19. O-O f6 20. Nd2 d5 21. Rac1 1/2-1/2

[Event "Gora Sw Anny 15th"]
[Site "Gora Sw Anny"]
[Date "2026.02.06"]
[Round "7"]
[White "Smietanska, Wiktoria"]
[Black "Golubka, Petro"]
[Result "1/2-1/2"]
[WhiteElo "2226"]
[BlackElo "2374"]
[WhiteFideId "-1"]
[BlackFideId "-1"]
[PlyCount "61"]
[GameId "2275754133280239"]
[EventDate "2026.02.02"]
[EventType "tourn"]
[EventRounds "9"]
[EventCountry "POL"]
[SourceTitle "Mega2026 Update 15"]
[Source "Chessbase"]
[SourceDate "2026.02.13"]
[SourceVersion "1"]
[SourceVersionDate "2026.02.13"]
[SourceQuality "1"]

1. e4 c5 2. Nf3 e6 3. d4 cxd4 4. Nxd4 Nf6 5. Nc3 Nc6 6. Ndb5 Bb4 7. a3 Bxc3+ 8. Nxc3 d5 9. exd5 exd5 10. Bd3 O-O 11. O-O Bg4 {is the new trend. ist der neue Trend.} 12. f3 Bh5 13. Bg5 Qb6+ 14. Kh1 Ne4 15. Nxe4 dxe4 16. Bxe4 Qxb2 17. Qb1 Qb6 18. Qxb6 axb6 19. Rfb1 Bg6 20. Bxg6 hxg6 21. Rxb6 Na5 22. Be7 Rfc8 23. Bb4 $146 (23. h3 Ra7 24. c3 f6 25. Rab1 Kf7 26. Bb4 Nc4 27. Rb5 b6 28. Rd5 g5 29. Re1 {0-1 Timerkhanov,A (2278)-Shandrygin,N (2209) Titled Tuesday intern op 10th Sep Early Chess.com INT blitz 2024 (11)}) 23... Rxc2 24. Bxa5 Rxa5 25. Rxb7 Rxa3 26. Rbb1 Rxa1 27. Rxa1 g5 28. h3 f6 29. Kh2 Kh7 30. Ra4 Kg6 31. h4 1/2-1/2

[Event "Gora Sw Anny 15th"]
[Site "Gora Sw Anny"]
[Date "2026.02.07"]
[Round "8"]
[White "Golubka, Petro"]
[Black "Mirski, Stanislaw"]
[Result "1-0"]
[WhiteElo "2374"]
[BlackElo "2251"]
[WhiteFideId "-1"]
[BlackFideId "-1"]
[PlyCount "117"]
[GameId "2275754133280246"]
[EventDate "2026.02.02"]
[EventType "tourn"]
[EventRounds "9"]
[EventCountry "POL"]
[SourceTitle "Mega2026 Update 15"]
[Source "Chessbase"]
[SourceDate "2026.02.13"]
[SourceVersion "1"]
[SourceVersionDate "2026.02.13"]
[SourceQuality "1"]

1. e4 c5 2. Nf3 e6 3. c3 Nf6 4. e5 Nd5 5. d4 cxd4 6. cxd4 b6 7. Nc3 Nxc3 8. bxc3 Qc7 9. Bd2 Be7 10. Bd3 Ba6 11. Bxa6 Nxa6 12. Qe2 Qb7 13. O-O O-O 14. Ng5 f6 15. exf6 Bxf6 16. Ne4 Nc7 17. a4 Qc6 18. Rfc1 Nd5 19. c4 Ne7 20. Bc3 Nf5 21. d5 exd5 22. Nxf6+ gxf6 23. Qd3 Ne7 24. Bb4 Rf7 25. c5 Rc8 26. h3 Qb7 27. cxb6 axb6 28. Rxc8+ Qxc8 29. Qb5 Qc6 30. Re1 Qxb5 31. axb5 d6 32. Rd1 Nc8 33. Bc3 Rc7 34. Bxf6 Rc5 35. Rb1 Na7 36. Bd4 Rxb5 37. Rxb5 Nxb5 38. Bxb6 Kf7 39. Kf1 Ke6 40. Ke2 Nc3+ 41. Kd3 Ne4 42. Ke3 Nc5 43. g4 Ne4 44. f4 Nc5 45. Ba7 Kf6 46. Bb6 Ke6 47. Bd8 Nb3 48. Bh4 d4+ 49. Ke4 Nd2+ 50. Kd3 Nf3 51. Bf2 Kd5 52. h4 Nh2 53. g5 Nf3 54. h5 Ke6 55. Bxd4 d5 56. g6 h6 57. Bg7 Ne1+ 58. Ke2 Ng2 59. Bxh6 1-0

[Event "Gora Sw Anny 15th"]
[Site "Gora Sw Anny"]
[Date "2026.02.08"]
[Round "9"]
[White "Paprocki, Jaroslaw"]
[Black "Golubka, Petro"]
[Result "1/2-1/2"]
[WhiteElo "2096"]
[BlackElo "2374"]
[WhiteFideId "-1"]
[BlackFideId "-1"]
[PlyCount "34"]
[GameId "2275754133284346"]
[EventDate "2026.02.02"]
[EventType "tourn"]
[EventRounds "9"]
[EventCountry "POL"]
[SourceTitle "Mega2026 Update 15"]
[Source "Chessbase"]
[SourceDate "2026.02.13"]
[SourceVersion "1"]
[SourceVersionDate "2026.02.13"]
[SourceQuality "1"]

1. e4 e5 2. Nf3 d6 3. d4 exd4 4. Nxd4 Nf6 5. Nc3 Be7 6. Bc4 O-O 7. O-O c6 8. Re1 a5 9. Bf1 Na6 10. h3 Nc5 11. a4 Re8 12. g3 Bf8 13. Bg2 h6 14. b3 Bd7 15. Bb2 Qb6 16. Qd2 Rad8 17. Rad1 Qc7 1/2-1/2

[Event "North American op"]
[Site "Las Vegas USA"]
[Date "2025.12.27"]
[Round "3"]
[White "Golubka, Petro"]
[Black "Lamaze, Simon"]
[Result "0-1"]
[WhiteElo "2377"]
[BlackElo "2466"]
[WhiteFideId "-1"]
[BlackFideId "-1"]
[PlyCount "56"]
[GameId "551700453084"]
[EventDate "2025.12.26"]
[EventType "swiss"]
[EventRounds "9"]
[EventCountry "USA"]
[SourceTitle "Mega2026 Update 12"]
[Source "Chessbase"]
[SourceDate "2026.01.27"]
[SourceVersion "1"]
[SourceVersionDate "2026.01.27"]
[SourceQuality "1"]

1. d4 Nf6 2. c4 g6 3. f3 Bg7 4. e4 d6 5. Nc3 O-O 6. Be3 c5 7. Nge2 Nc6 8. Qd2 a6 9. d5 Ne5 10. Ng3 h5 11. h4 e6 12. Be2 exd5 13. exd5 Re8 14. Kf2 b5 15. cxb5 axb5 16. Nxb5 Bb7 17. Bg5 Qb6 18. Bxf6 Bxf6 19. a4 c4+ 20. Kf1 Qxb5 21. axb5 Rxa1+ 22. Bd1 c3 23. bxc3 Nc4 24. Qf4 Rxd1+ 25. Kf2 Rd2+ 26. Kg1 Ne3 27. Rh2 Rd1+ 28. Kf2 Nxd5 0-1

[Event "North American op"]
[Site "Las Vegas USA"]
[Date "2025.12.28"]
[Round "5"]
[White "Golubka, Petro"]
[Black "Rozen, Eytan"]
[Result "0-1"]
[WhiteElo "2377"]
[BlackElo "2515"]
[WhiteFideId "-1"]
[BlackFideId "-1"]
[PlyCount "146"]
[GameId "2260553050636392"]
[EventDate "2025.12.26"]
[EventType "swiss"]
[EventRounds "9"]
[EventCountry "USA"]
[SourceTitle "Mega2026 Update 12"]
[Source "Chessbase"]
[SourceDate "2026.01.27"]
[SourceVersion "1"]
[SourceVersionDate "2026.01.27"]
[SourceQuality "1"]

1. e4 c5 2. f4 d5 3. d3 Nc6 4. Be2 g6 5. Nf3 Bg7 6. c3 d4 7. O-O Nf6 8. Kh1 O-O 9. Na3 Bg4 10. e5 Nd5 11. cxd4 Bxf3 12. Bxf3 Nxd4 13. Nc2 Nxf3 14. Qxf3 e6 15. Be3 Nxe3 16. Qxe3 Qd5 17. d4 Rac8 18. dxc5 Qxc5 19. Rf2 Rfd8 20. Qxc5 Rxc5 21. g3 f6 22. exf6 Bxf6 23. Ne1 e5 24. fxe5 Bxe5 25. Rb1 Kg7 26. Kg2 Bf6 27. Nf3 Rd7 28. Rbf1 a6 29. h4 h5 30. Re2 Rdc7 31. Ne1 Rd5 32. Nf3 Rdc5 33. Ne1 Re7 34. Ref2 Bd4 35. Rd2 Be5 36. Nf3 Bf6 37. Ng1 Rec7 38. Nh3 Rc2 39. Rff2 Rxd2 40. Rxd2 Be5 41. Nf4 Kf7 42. Rf2 Bd4 43. Re2 Rc6 44. Kf3 Bf6 45. Rd2 b5 46. Ke4 Rc4+ 47. Kf3 Be5 48. Rd7+ Kf6 49. Nd3 Bc7 50. Nf2 Rc6 51. Nd3 Rc4 52. Nf2 Rc6 53. Nd3 a5 54. Nf4 Bxf4 55. Kxf4 Rc2 56. Rd6+ Kf7 57. Rd7+ Kf6 58. Rd6+ Kf7 59. Rd7+ Ke6 60. Ra7 a4 61. Ra6+ Kd5 62. Rxg6 Rxb2 63. a3 Rf2+ 64. Kg5 Rf3 65. g4 hxg4 66. h5 Rxa3 67. h6 Rh3 68. Kxg4 Rh1 69. Rg5+ Kc4 70. Rh5 Rg1+ 71. Kf3 Rg8 72. h7 Rh8 73. Ke2 a3 0-1

[Event "London Classic Rapid op"]
[Site "London ENG"]
[Date "2025.12.06"]
[Round "3"]
[White "Golubka, Petro"]
[Black "Ortiz Sanchez, Luis"]
[Result "1-0"]
[WhiteElo "2389"]
[BlackElo "2007"]
[WhiteFideId "-1"]
[BlackFideId "-1"]
[PlyCount "37"]
[GameId "2252941786345873"]
[EventDate "2025.12.06"]
[EventType "swiss (rapid)"]
[EventRounds "10"]
[EventCountry "ENG"]
[SourceTitle "Mega2025 Update 58"]
[Source "Chessbase"]
[SourceDate "2025.12.13"]
[SourceVersion "1"]
[SourceVersionDate "2025.12.13"]
[SourceQuality "1"]

1. e4 c5 2. b3 g6 3. Bb2 Nf6 4. e5 Nd5 5. Qf3 e6 6. Na3 f5 7. exf6 Kf7 8. Nh3 h6 9. g4 Nc6 10. g5 h5 11. Bd3 Rg8 12. O-O-O Ncb4 13. Be4 Nc7 14. Nf4 d5 15. Bxg6+ Rxg6 16. Qxh5 Ke8 17. Nxg6 Kd7 18. Ne5+ Kd6 19. Nf7+ 1-0

[Event "London Classic Rapid op"]
[Site "London ENG"]
[Date "2025.12.06"]
[Round "4"]
[White "Golubka, Petro"]
[Black "Sivanandan, Bodhana"]
[Result "1-0"]
[WhiteElo "2389"]
[BlackElo "2233"]
[WhiteFideId "-1"]
[BlackFideId "-1"]
[PlyCount "161"]
[GameId "2252941786362307"]
[EventDate "2025.12.06"]
[EventType "swiss (rapid)"]
[EventRounds "10"]
[EventCountry "ENG"]
[SourceTitle "Mega2025 Update 58"]
[Source "Chessbase"]
[SourceDate "2025.12.13"]
[SourceVersion "1"]
[SourceVersionDate "2025.12.13"]
[SourceQuality "1"]

1. e4 e5 2. Bb5 c6 3. Ba4 Nf6 4. d3 d6 5. f4 exf4 6. Bxf4 Be7 7. Nd2 Bg4 8. Ngf3 Nbd7 9. c3 Ne5 10. Qe2 Ng6 11. Be3 d5 12. O-O-O Qa5 13. Bb3 O-O-O 14. h3 dxe4 15. hxg4 exf3 16. gxf3 Bd6 17. Nc4 Qc7 18. Bxa7 Nd5 19. Qf2 Rde8 20. Nxd6+ Qxd6 21. Kb1 Ngf4 22. Rd2 h5 23. gxh5 Rxh5 24. Rxh5 Nxh5 25. a4 Qe6 26. Ka2 Nhf4 27. a5 Qe1 28. Qxe1 Rxe1 29. Bc5 Rf1 30. Bd1 g6 31. Kb3 Ne6 32. Bf2 Ndf4 33. Kc2 Kd7 34. b4 Nh3 35. Be3 Nhg5 36. Rf2 Rxf2+ 37. Bxf2 Nh3 38. Bb6 f5 39. Kd2 Nhf4 40. c4 g5 41. Be3 Ng6 42. d4 f4 43. Bf2 Ne7 44. Bc2 Kd6 45. Be4 Nc7 46. Kd3 Ng8 47. b5 cxb5 48. Bxb7 bxc4+ 49. Kxc4 Ne7 50. a6 Nxa6 51. Bxa6 Nd5 52. Bb7 Nb6+ 53. Kd3 Ke6 54. Be4 Nd7 55. Be1 Nf6 56. Ba5 g4 57. fxg4 Nxg4 58. Bf3 Nf6 59. Bd8 Ne8 60. Bg4+ Kd5 61. Bg5 Nd6 62. Bf3+ Ke6 63. Bxf4 Nb5 64. d5+ Kf5 65. Bb8 Kf6 66. Bd1 Ke7 67. Kc4 Nd6+ 68. Bxd6+ Kxd6 69. Bf3 Kd7 70. Kc5 Kc7 71. Bd1 Kd7 72. Bc2 Kc7 73. Bf5 Kd8 74. Bh3 Kc7 75. d6+ Kd8 76. Kd5 Ke8 77. Ke6 Kd8 78. Bf1 Ke8 79. Be2 Kd8 80. d7 Kc7 81. Ke7 1-0

[Event "London Classic Rapid op"]
[Site "London ENG"]
[Date "2025.12.06"]
[Round "5"]
[White "Vaidyanathan, Adithya"]
[Black "Golubka, Petro"]
[Result "0-1"]
[WhiteElo "2129"]
[BlackElo "2389"]
[WhiteFideId "-1"]
[BlackFideId "-1"]
[PlyCount "122"]
[GameId "2252941786386943"]
[EventDate "2025.12.06"]
[EventType "swiss (rapid)"]
[EventRounds "10"]
[EventCountry "ENG"]
[SourceTitle "Mega2025 Update 58"]
[Source "Chessbase"]
[SourceDate "2025.12.13"]
[SourceVersion "1"]
[SourceVersionDate "2025.12.13"]
[SourceQuality "1"]

1. c4 b6 2. Nc3 Bb7 3. e4 e6 4. d3 Ne7 5. g3 d5 6. exd5 exd5 7. Bg2 Qd7 8. Nge2 Nbc6 9. O-O d4 10. Nb5 a6 11. Nbxd4 O-O-O 12. Nxc6 Bxc6 13. Bxc6 Nxc6 14. Nf4 h5 15. Qf3 Kb8 16. Be3 Ne5 17. Qe2 g5 18. Nd5 g4 19. h4 Nf3+ 20. Kg2 Bd6 21. a4 Rhe8 22. b4 Be5 23. Ra3 Qf5 24. Qd1 Bd4 25. Bxd4 Nxd4 26. Re1 Qf3+ 27. Kg1 Ne2+ 28. Rxe2 Rxe2 29. Qf1 Rde8 30. Ra1 Rd2 31. Nf4 Re5 32. Qg2 c6 33. Qxf3 gxf3 34. Kf1 Rb2 35. b5 cxb5 36. axb5 axb5 37. Rd1 Ree2 38. cxb5 Rxf2+ 39. Kg1 Rfc2 40. Rf1 Rxb5 41. d4 Rbb2 42. Rxf3 Rb1+ 43. Rf1 Rxf1+ 44. Kxf1 b5 45. Nd3 Kc7 46. d5 Kd6 47. Nb4 Rc4 48. Nd3 Kxd5 49. Ke2 Kd4 50. Kd2 b4 51. Nc1 Rxc1 52. Kxc1 f5 53. Kc2 Kc4 54. Kb2 b3 55. Kb1 Kc3 56. Kc1 b2+ 57. Kb1 Kb3 58. g4 f4 59. g5 f3 60. g6 f2 61. g7 f1=Q# 0-1

[Event "London Classic Rapid op"]
[Site "London ENG"]
[Date "2025.12.07"]
[Round "6"]
[White "Golubka, Petro"]
[Black "Larchikov, Maksym"]
[Result "1-0"]
[WhiteElo "2389"]
[BlackElo "2149"]
[WhiteFideId "-1"]
[BlackFideId "-1"]
[PlyCount "65"]
[GameId "2252941786407488"]
[EventDate "2025.12.06"]
[EventType "swiss (rapid)"]
[EventRounds "10"]
[EventCountry "ENG"]
[SourceTitle "Mega2025 Update 58"]
[Source "Chessbase"]
[SourceDate "2025.12.13"]
[SourceVersion "1"]
[SourceVersionDate "2025.12.13"]
[SourceQuality "1"]

1. e4 c6 2. d4 d5 3. e5 Bf5 4. g4 Be4 5. f3 Bg6 6. e6 Qd6 7. exf7+ Bxf7 8. f4 Nf6 9. Nc3 Qe6+ 10. Be2 Nxg4 11. f5 Qf6 12. Bxg4 Qh4+ 13. Kf1 g6 14. Qf3 gxf5 15. Bxf5 Bg7 16. Qg4 Qxg4 17. Bxg4 Bxd4 18. Nf3 Bg7 19. Ng5 e5 20. Ke2 h6 21. Nxf7 Kxf7 22. Rf1+ Ke7 23. Bh5 Bf6 24. b3 Nd7 25. Ba3+ Kd8 26. Bg4 e4 27. Bb2 Be7 28. Nxd5 Rg8 29. Ne3 h5 30. Be6 Rg6 31. Bf5 Rd6 32. Rad1 Kc7 33. Bxd7 1-0

[Event "London Classic Rapid op"]
[Site "London ENG"]
[Date "2025.12.07"]
[Round "7"]
[White "Jones, Gawain C B"]
[Black "Golubka, Petro"]
[Result "1/2-1/2"]
[WhiteElo "2655"]
[BlackElo "2389"]
[WhiteFideId "-1"]
[BlackFideId "-1"]
[PlyCount "209"]
[GameId "2252941786428026"]
[EventDate "2025.12.06"]
[EventType "swiss (rapid)"]
[EventRounds "10"]
[EventCountry "ENG"]
[SourceTitle "Mega2025 Update 58"]
[Source "Chessbase"]
[SourceDate "2025.12.13"]
[SourceVersion "1"]
[SourceVersionDate "2025.12.13"]
[SourceQuality "1"]

1. e4 e5 2. Nc3 Nc6 3. Bc4 Bb4 4. Qg4 g6 5. Nd5 Nf6 6. Qf3 Be7 7. Ne2 h6 8. c3 Na5 9. Bb5 a6 10. Ba4 b5 11. Bc2 Bb7 12. d4 d6 13. Nxe7 Qxe7 14. O-O Kf8 15. Ng3 Kg7 16. a4 d5 17. dxe5 Qxe5 18. axb5 axb5 19. Bf4 dxe4 20. Bxe4 Bxe4 21. Bxe5 Bxf3 22. gxf3 Nc6 23. Bxc7 Nd5 24. Bd6 Rxa1 25. Rxa1 Rd8 26. Bc5 Nf4 27. Be3 Nd3 28. b3 b4 29. cxb4 Ndxb4 30. Ne4 Nc2 31. Rb1 N6d4 32. Bxd4+ Nxd4 33. Kg2 Nb5 34. Rc1 Rd3 35. Nc5 Rd2 36. Rc4 Nd6 37. Rc3 Nb5 38. Rd3 Rc2 39. Ne4 f5 40. Rd7+ Kf8 41. Nf6 Rc6 42. Nd5 g5 43. f4 gxf4 44. Nxf4 Rc3 45. Ne6+ Kg8 46. Rg7+ Kh8 47. Rg3 Rc6 48. Nf4 Kh7 49. b4 Nc7 50. Re3 Kg8 51. Kg3 Kf7 52. Re5 Kf6 53. Rc5 Rxc5 54. bxc5 Ke5 55. Ng6+ Kf6 56. Nh4 Ke5 57. Nf3+ Ke4 58. Ne1 Ne6 59. c6 Kd5 60. Kh4 Kxc6 61. Kh5 Nf4+ 62. Kxh6 Nh3 63. f3 Kd5 64. Kh5 Ke6 65. Ng2 Kf6 66. Kh4 Ng5 67. Kg3 Ne6 68. Nf4 Nd4 69. Nd3 Kg5 70. Nf4 Kf6 71. Kf2 Kg5 72. Ne2 Nc2 73. Kg3 Ne3 74. Nd4 f4+ 75. Kf2 Nd5 76. Ne2 Kf5 77. Ng1 Ne3 78. Ke2 Kg5 79. Nh3+ Kf5 80. Nf2 Ng2 81. Nd1 Nh4 82. Kf2 Kg5 83. Nb2 Kf5 84. Nd3 Ng6 85. Ne1 Ne5 86. Ng2 Kg5 87. Ke2 Kf5 88. Ne1 Kg5 89. Nd3 Ng6 90. Kf2 Nh4 91. Ne5 Kf5 92. Nc6 Kf6 93. Ke2 Kf5 94. Nd4+ Kf6 95. Kd3 Ke5 96. Kc4 Kd6 97. h3 Ke5 98. Kc5 Ng2 99. Nc6+ Kf5 100. Kd5 Kg5 101. Nd4 Kh4 102. Ne2 Ne1 103. Ke4 Nxf3 104. Kxf3 Kxh3 105. Kxf4 1/2-1/2

[Event "London Classic Rapid op"]
[Site "London ENG"]
[Date "2025.12.07"]
[Round "8"]
[White "Golubka, Petro"]
[Black "Yuffa, Daniil"]
[Result "0-1"]
[WhiteElo "2389"]
[BlackElo "2618"]
[WhiteFideId "-1"]
[BlackFideId "-1"]
[PlyCount "80"]
[GameId "2252941786456768"]
[EventDate "2025.12.06"]
[EventType "swiss (rapid)"]
[EventRounds "10"]
[EventCountry "ENG"]
[SourceTitle "Mega2025 Update 58"]
[Source "Chessbase"]
[SourceDate "2025.12.13"]
[SourceVersion "1"]
[SourceVersionDate "2025.12.13"]
[SourceQuality "1"]

1. e4 c6 2. d4 d5 3. e5 Bf5 4. g4 Bd7 5. Be3 e6 6. c3 Qc7 $5 {[%mdl 4] A promising side line. Eine vielversprechende Nebenvariante.} 7. h4 $146 (7. Nd2 c5 8. Be2 Nc6 9. h4 Nge7 10. h5 Nc8 11. Ngf3 cxd4 12. cxd4 Nb6 13. Rc1 {0-1 Gratz,G (2206)-Oparina,K (2128) Titled Tuesday intern op 3rd April Chess.com INT blitz 2018 (9)}) 7... c5 8. h5 Nc6 9. f4 f6 10. Nf3 Nh6 11. Rg1 f5 12. gxf5 Nxf5 13. Bf2 Qb6 14. Qd2 cxd4 15. cxd4 Bb4 16. Nc3 O-O 17. Bd3 Rac8 18. Bxf5 Rxf5 19. h6 g6 20. a3 Bxc3 21. bxc3 Na5 22. Qc2 Qb3 23. Qxb3 Nxb3 24. Rb1 Rxc3 25. Nd2 Rc1+ 26. Rxc1 Nxc1 27. Rg3 Bb5 28. Rc3 Nd3+ 29. Ke2 Nxe5+ 30. Kd1 Nc4 31. Nxc4 dxc4 32. Bg3 Ba4+ 33. Kd2 b5 34. Re3 Kf7 35. Re5 a5 36. Kc3 Rh5 37. Rxh5 gxh5 38. Bh4 Kg6 39. Bd8 Kf5 40. Kd2 b4 0-1

[Event "London Classic Rapid op"]
[Site "London ENG"]
[Date "2025.12.07"]
[Round "9"]
[White "Tayar, Jonathan"]
[Black "Golubka, Petro"]
[Result "0-1"]
[WhiteElo "2325"]
[BlackElo "2389"]
[WhiteFideId "-1"]
[BlackFideId "-1"]
[PlyCount "118"]
[GameId "2252941786489614"]
[EventDate "2025.12.06"]
[EventType "swiss (rapid)"]
[EventRounds "10"]
[EventCountry "ENG"]
[SourceTitle "Mega2025 Update 58"]
[Source "Chessbase"]
[SourceDate "2025.12.13"]
[SourceVersion "1"]
[SourceVersionDate "2025.12.13"]
[SourceQuality "1"]

1. e4 e5 2. Nf3 Nf6 3. Nc3 Nc6 4. d4 exd4 5. Nd5 Be7 6. Bf4 d6 7. Nxd4 Nxd5 8. exd5 Nxd4 9. Qxd4 Bf6 10. Qd3 O-O 11. O-O-O Re8 12. Kb1 a5 13. Qd2 a4 14. a3 Bd7 15. Rg1 b5 16. c3 Be5 17. Bxe5 Rxe5 18. f4 Re8 19. Bd3 Qf6 20. g4 Qh4 21. Rg3 c5 22. dxc6 Bxc6 23. g5 Rad8 24. f5 Be4 25. Ka1 Re5 26. Bxe4 Qxe4 27. f6 g6 28. Rd3 d5 29. Rd4 Qf5 30. h4 h6 31. Rf4 Qe6 32. gxh6 Kh7 33. Rf2 Re8 34. Qd3 Qc6 35. Rf4 R8e6 36. Qf3 Kxh6 37. Qg3 Qe8 38. Rff1 Kh7 39. Qd3 Rh5 40. Rf4 Re1 41. Rxe1 Qxe1+ 42. Ka2 Qe6 43. Qd4 Re5 44. h5 g5 45. Qd3+ Kh6 46. Rd4 Qe8 47. Rb4 Qe6 48. Rd4 Re4 49. Qxb5 Rxd4 50. cxd4 Kxh5 51. Qxa4 Qxf6 52. Qd7 Qxd4 53. Qxf7+ Kh4 54. Qe7 Qc4+ 55. Kb1 Qe4+ 56. Qxe4+ dxe4 57. Kc2 Kg3 58. b4 e3 59. b5 e2 0-1

[Event "London Classic Rapid op"]
[Site "London ENG"]
[Date "2025.12.07"]
[Round "10"]
[White "Golubka, Petro"]
[Black "Bulmaga, Irina"]
[Result "1-0"]
[WhiteElo "2389"]
[BlackElo "2386"]
[WhiteFideId "-1"]
[BlackFideId "-1"]
[PlyCount "127"]
[GameId "2252941786514253"]
[EventDate "2025.12.06"]
[EventType "swiss (rapid)"]
[EventRounds "10"]
[EventCountry "ENG"]
[SourceTitle "Mega2025 Update 58"]
[Source "Chessbase"]
[SourceDate "2025.12.13"]
[SourceVersion "1"]
[SourceVersionDate "2025.12.13"]
[SourceQuality "1"]

1. e4 e5 2. Bb5 Nf6 3. Qe2 Nc6 4. c3 d6 5. Nf3 g6 6. O-O Bg7 7. d3 O-O 8. Rd1 Bd7 9. Nbd2 a6 10. Bc4 Na5 11. Bb3 Nxb3 12. axb3 Re8 13. b4 d5 14. Nb3 b6 15. Bg5 dxe4 16. dxe4 Qc8 17. Ne1 Bb5 18. c4 Bc6 19. f3 h6 20. Be3 Nh5 21. c5 Qe6 22. Qc2 Bb5 23. Nd3 f5 24. Nf2 f4 25. Bd2 Nf6 26. Bc3 g5 27. Nd2 Rad8 28. b3 h5 29. cxb6 cxb6 30. Nc4 Rxd1+ 31. Qxd1 Bxc4 32. bxc4 Qxc4 33. Qd3 Qxd3 34. Nxd3 Nd7 35. Rxa6 Rc8 36. Ra7 Rxc3 37. Rxd7 g4 38. g3 fxg3 39. hxg3 gxf3 40. Kf2 Bf8 41. b5 Rb3 42. Rd5 Kg7 43. Kxf3 Bc5 44. Kg2 Rxb5 45. Rxe5 Rb3 46. Nf4 h4 47. gxh4 Bd6 48. Rg5+ Kf7 49. Rf5+ Kg7 50. Ne6+ Kh7 51. h5 Rb2+ 52. Kf3 Rb3+ 53. Ke2 Rb4 54. Kd3 Rb3+ 55. Kc4 Re3 56. Kd4 Re1 57. e5 Ba3 58. Kd5 b5 59. Ng5+ Kg7 60. Nf7 b4 61. h6+ Kg8 62. Ke6 Bc1 63. Kf6 b3 64. h7+ 1-0

[Event "Heusenstamm Schloss op"]
[Site "Heusenstamm GER"]
[Date "2025.11.22"]
[Round "5.23"]
[White "Burkhardt, H."]
[Black "Golubka, Petro"]
[Result "0-1"]
[WhiteElo "2102"]
[BlackElo "2389"]
[WhiteFideId "-1"]
[BlackFideId "-1"]
[PlyCount "98"]
[GameId "2255518404212980"]
[EventDate "2025.11.20"]
[EventType "swiss"]
[EventRounds "7"]
[EventCountry "GER"]
[SourceTitle "The Week in Chess 1623"]
[Source "Mark Crowther"]
[SourceDate "2025.12.15"]
[SourceVersion "1"]
[SourceVersionDate "2025.12.15"]
[SourceQuality "2"]

1. e4 g6 2. d4 Bg7 3. Nc3 c6 4. h3 b5 5. Be3 c5 6. Bd3 Ba6 7. Nf3 b4 8. Ne2 Nf6 9. Ng3 O-O 10. O-O d5 11. Bxa6 dxe4 12. Be2 exf3 13. Bxf3 Nd5 14. Qd3 e6 15. Rfd1 Nd7 16. c4 bxc3 17. bxc3 Rb8 18. Rab1 Qc7 19. Ne4 e5 20. Nxc5 Nxc5 21. dxc5 Rxb1 22. Rxb1 Nxc3 23. Qxc3 e4 24. Bd4 Bxd4 25. Qxd4 exf3 26. Rd1 fxg2 27. Qd6 Qc8 28. Kxg2 Re8 29. Qf6 Qe6 30. Qxe6 Rxe6 31. Rd8+ Kg7 32. Ra8 Re5 33. Rxa7 Rf5 34. a4 Kf6 35. f3 Ke6 36. h4 h5 37. Kg3 f6 38. Kf2 g5 39. hxg5 fxg5 40. Ke3 Kd5 41. Ra8 Re5+ 42. Kd3 Kxc5 43. Rh8 h4 44. f4 Rd5+ 45. Kc2 gxf4 46. Rxh4 Rf5 47. Rh2 f3 48. Rg2 Rf4 49. Kd2 Kb4 0-1

[Event "Heusenstamm Sparkassen op"]
[Site "Heusenstamm GER"]
[Date "2025.11.20"]
[Round "1"]
[White "Stein, Tobias"]
[Black "Golubka, Petro"]
[Result "0-1"]
[WhiteElo "1993"]
[BlackElo "2389"]
[WhiteFideId "-1"]
[BlackFideId "-1"]
[PlyCount "66"]
[GameId "2247881874237452"]
[EventDate "2025.11.20"]
[EventType "swiss"]
[EventRounds "7"]
[EventCountry "GER"]
[SourceTitle "Mega2025 Update 56"]
[Source "Chessbase"]
[SourceDate "2025.11.28"]
[SourceVersion "1"]
[SourceVersionDate "2025.11.28"]
[SourceQuality "1"]

1. e4 g6 2. Nc3 Bg7 3. g3 b6 4. Bg2 Bb7 5. d3 c5 6. Nge2 Nc6 7. Be3 Nf6 8. O-O O-O 9. h3 e6 10. d4 cxd4 11. Nxd4 Qc8 12. Qd2 Na5 13. b3 Ne8 14. Rad1 f5 15. f4 Rf7 16. Rfe1 Rb8 17. g4 e5 18. fxe5 f4 19. Bf2 Bxe5 20. Nd5 d6 21. c4 Nc6 22. Nf3 Ng7 23. b4 Qe8 24. c5 dxc5 25. bxc5 bxc5 26. Bxc5 Ne6 27. Nxe5 Nxe5 28. Qc3 Nxc5 29. Qxc5 f3 30. Rf1 Bxd5 31. Qxd5 fxg2 32. Rxf7 Nxf7 33. Kxg2 Rd8 0-1